| 000 | 01254nam a2200205Ia 4500 | ||
|---|---|---|---|
| 003 | Ost | ||
| 005 | 20260507075747.0 | ||
| 008 | 260507s9999||||xx |||||||||||||| ||und|| | ||
| 040 | _cfsecg | ||
| 041 | _aara | ||
| 082 | _a330 | ||
| 100 |
_aموسى، عبد الغفار ابراهيم _eمؤلف |
||
| 245 | 0 |
_aالتعويض النقدي لرصيد الإجازات الإعتيادية بعد انتهاء الخدمة / _c عبد الغفار ابراهيم موسى |
|
| 260 |
_aالقاهرة: _bدار الكتب القانونية, _c2001 |
||
| 300 |
_a387 صفحة؛ _bإيضاحات ؛ _c24 سم |
||
| 520 | _aالهدف من الإجازات وأنواعها ومعنى التعويض النقدي- وظائف المستحقين للتعويض- مناط الإستحقاق للتعويض- شروط استحقاق التعويض- الاشخاص المستحقين لقيمة التعويض عن رصيد الإجازات الإعتيادية- كيفية حساب التعويض- تقادم الحق في التعويض- المحكمة المختصة والإجراءات التطبيقات القضائية للأحكام والفتاوى. | ||
| 653 | _aالتعويض النقدي | ||
| 653 | _aقانون العمل | ||
| 942 | _cكتاب | ||
| 999 |
_c46200 _d46200 |
||